| 000 | 00376nam a2200145Ia 4500 | ||
|---|---|---|---|
| 008 | 230917s9999||||xx |||||||||||||| ||und|| | ||
| 040 |
_e10045 _aMAIN |
||
| 041 | _aEnglish | ||
| 082 | _a515.64 G959C | ||
| 100 | _aGupta, A.S | ||
| 245 | 0 | _aCalculus of variations with applications | |
| 260 |
_aNew Delhi _bPrentice Hall of India _c1997 |
||
| 300 | _avii, 242 p. | ||
| 942 | _cBK | ||
| 999 |
_c98360 _d98360 |
||